Математическое моделирование процесса синтеза метанола с помощью квантово-химических методов расчета; Известия Томского политехнического университета [Известия ТПУ]; Т. 320, № 3 : Химия

Bibliographic Details
Parent link:Известия Томского политехнического университета [Известия ТПУ]/ Томский политехнический университет (ТПУ).— , 2000-
Т. 320, № 3 : Химия.— 2012.— [С. 73-78]
Main Author: Кравцов А. В. Анатолий Васильевич
Other Authors: Попок Е. В. Евгений Владимирович, Юрьев Е. М. Егор Михайлович
Summary:Заглавие с титульного листа
Электронная версия печатной публикации
Исследован механизм синтеза метанола на поверхности низкотемпературных цинк-медных катализаторов. С помощью квантово-химических методов рассчитаны скорости различных стадий механизма. Подтверждено, что лимитирующей стадией процесса является адсорбция водорода на поверхности. Рассчитана скорость реакции адсорбции водорода для низкотемпературных контактов, промотированных бором и цирконием. На основе полученных значений составлена моделирующая система процесса, проведена проверка данной системы на адекватность.
Language:Russian
Published: 2012
Series:Химия
Subjects:
Online Access:http://earchive.tpu.ru/bitstream/11683/4167/1/bulletin_tpu-2012-320-3-16.pdf
Format: Electronic Book Chapter
KOHA link:https://koha.lib.tpu.ru/cgi-bin/koha/opac-detail.pl?biblionumber=217028

MARC

LEADER 00000nla2a2200000 4500
001 217028
005 20240213084714.0
035 |a (RuTPU)RU\TPU\book\237004 
035 |a RU\TPU\book\236977 
090 |a 217028 
100 |a 20120530d2012 k y0rusy50 ca 
101 0 |a rus 
102 |a RU 
135 |a drnn ---uucaa 
181 0 |a i  
182 0 |a b 
200 1 |a Математическое моделирование процесса синтеза метанола с помощью квантово-химических методов расчета  |f А. В. Кравцов, Е. В. Попок, Е. М. Юрьев 
203 |a Текст  |c электронный 
215 |a 1 файл (359 Кб) 
225 1 |a Химия 
300 |a Заглавие с титульного листа 
300 |a Электронная версия печатной публикации 
320 |a [Библиогр.: с. 78 (10 назв.)] 
330 |a Исследован механизм синтеза метанола на поверхности низкотемпературных цинк-медных катализаторов. С помощью квантово-химических методов рассчитаны скорости различных стадий механизма. Подтверждено, что лимитирующей стадией процесса является адсорбция водорода на поверхности. Рассчитана скорость реакции адсорбции водорода для низкотемпературных контактов, промотированных бором и цирконием. На основе полученных значений составлена моделирующая система процесса, проведена проверка данной системы на адекватность. 
337 |a Adobe Reader 
461 1 |0 (RuTPU)RU\TPU\book\176237  |t Известия Томского политехнического университета [Известия ТПУ]  |f Томский политехнический университет (ТПУ)  |d 2000- 
463 1 |0 (RuTPU)RU\TPU\book\236341  |x 1684-8519  |t Т. 320, № 3 : Химия  |v [С. 73-78]  |d 2012  |p 150 с. 
610 1 |a метанол 
610 1 |a квантово-химические методы 
610 1 |a лимитирующие стадии 
610 1 |a скорость 
610 1 |a математическое моделирование 
610 1 |a химические реакции 
610 1 |a адсорбция 
610 1 |a водород 
610 1 |a труды учёных ТПУ 
610 1 |a электронный ресурс 
700 1 |a Кравцов  |b А. В.  |c химик-технолог  |c профессор-консультант Томского политехнического университета, доктор технических наук  |f 1938-2012  |g Анатолий Васильевич  |3 (RuTPU)RU\TPU\pers\19827 
701 1 |a Попок  |b Е. В.  |c химик-технолог  |c доцент Томского политехнического университета, кандидат технических наук  |f 1987-  |g Евгений Владимирович  |3 (RuTPU)RU\TPU\pers\28560  |9 13379 
701 1 |a Юрьев  |b Е. М.  |c специалист в области нефтегазового дела  |c доцент Томского политехнического университета, кандидат технических наук  |f 1986-  |g Егор Михайлович  |3 (RuTPU)RU\TPU\pers\24964  |9 11118 
801 1 |a RU  |b 63413507  |c 20090623  |g PSBO 
801 2 |a RU  |b 63413507  |c 20190516  |g PSBO 
856 4 |u http://earchive.tpu.ru/bitstream/11683/4167/1/bulletin_tpu-2012-320-3-16.pdf 
942 |c CF